áreas protegidas administradas por carsucre: (Registro nro. 20576)

Detalles MARC
000 -CABECERA
Campo de control 00750nam a22002057a 4500
005 - FECHA Y HORA DE LA ULTIMA TRANSACCION
Campo de control 20191108080149.0
008 - ELEMENTOS DE LONGITUD FIJA—INFORMACION GENERAL
Campo de control 191108b xxu||||| |||| 00| 0 spa d
020 ## - ISBN
ISBN 9789589855232
040 ## - FUENTE DE CATALOGACIÓN
Agencia catalogadora original CO-BoIAVH
Agencia transcriptora CO-BoIAVH
041 ## - IDIOMA
Código de idioma para texto/pista de sonido o título separado Español
082 ## - NUMERO DE CLASIFICACION DECIMAL DEWEY
Número de clasificación 333.72
Número del ítem D33a
100 1# - ASIENTO PRINCIPAL--NOMBRE PERSONAL
9 (RLIN) 101956
Nombre personal De la Ossa-Lacayo, Alejandro
245 10 - MENCION DE TITULO
Título áreas protegidas administradas por carsucre:
Parte restante del título una compilación sobre el estado del conocimiento
260 ## - PUBLICACION, DISTRIBUCION, ETC. (PIE DE IMPRENTA)
Lugar de publicación, distribución, etc. Sincelejo, Colombia:
Nombre del editor, distribuidor, etc. Corporación Autónoma Regional de Sucre (CARSUCRE),
Fecha de publicación, distribución, etc. 2017.
300 ## - DESCRIPCION FISICA
Extensión 218 Páginas
Otros detalles físicos fotografías a color, tablas
Material acompañante 23 x17cm
650 #0 - ASIENTO SECUNDARIO DE MATERIA - TERMINO TEMATICO
9 (RLIN) 30388
Término temático o nombre geográfico como elemento de entrada Áreas naturales protegidas
650 #0 - ASIENTO SECUNDARIO DE MATERIA - TERMINO TEMATICO
9 (RLIN) 2474
Término temático o nombre geográfico como elemento de entrada Legislación
650 #0 - ASIENTO SECUNDARIO DE MATERIA - TERMINO TEMATICO
9 (RLIN) 57095
Término temático o nombre geográfico como elemento de entrada Áreas de Conservación
942 ## - ELEMENTOS ADICIONALES (KOHA)
Sistema de clasificación Dewey Decimal Classification
Tipo de ítem Libro
Existencias
Withdrawn status Lost status Sistema de Clasificación Damaged status No para préstamo Colección Ubicación Permanente Ubicación actual Fecha de adquisición Total Checkouts Número topográfico Inventario / Código de Barras Date last seen Ejemplar Price effective from Forma de adquisición Tipo de material
    Dewey Decimal Classification     General Bogotá Bogotá 08/11/2019   LB-333.72 D33a 043713 08/11/2019 Ej. 1 08/11/2019 Donación Libro